Tvorba cien nových výrobkov záverečná práca postgraduálneho štúdia

Salvato in:
Dettagli Bibliografici
Autore principale: Pilip, Peter
Ente Autore: Vysoká škola ekonomická v Bratislave
Altri autori: Kupkovič, Milan
Natura: Libro
Lingua:slovacco
Pubblicazione: Bratislava 1988
Tags: Aggiungi Tag
Nessun Tag, puoi essere il primo ad aggiungerne!!

MARC

LEADER 00000nam a2200000 4500
001 c041195
005 20260108081421.9
041 0 |a slo 
044 |a SK 
245 1 0 |a Tvorba cien nových výrobkov  |b záverečná práca postgraduálneho štúdia  |c Peter Pilip ; Ved. práce Milan Kupkovič 
264 1 |a Bratislava  |c 1988 
300 |a 49 s. 
100 1 |a Pilip, Peter 
700 1 |a Kupkovič, Milan 
710 2 |a Vysoká škola ekonomická v Bratislave